Central Library OPAC University of Rajshahi

The crock of gold / (Record no. 20493)

MARC details
000 -LEADER
fixed length control field 00664nam a22002293 4500
001 - CONTROL NUMBER
control field 20493
003 - CONTROL NUMBER IDENTIFIER
rucl marc code BD-RjUL
005 - DATE AND TIME OF LATEST TRANSACTION
control field 20211209000555.0
008 - FIXED-LENGTH DATA ELEMENTS--GENERAL INFORMATION
fixed length control field 140301r19651912enk 000 0
035 ## - SYSTEM CONTROL NUMBER
System control number (BD-RjUL)20555
040 ## - CATALOGING SOURCE
Original cataloging agency DLC
Language of cataloging eng
Transcribing agency DLC
Modifying agency BD-RjUL
041 ## - LANGUAGE CODE
Language code of text/sound track or separate title eng
082 04 - DEWEY DECIMAL CLASSIFICATION NUMBER
Classification number 823
Author mark and year STC 1965
100 1# - MAIN ENTRY--PERSONAL NAME
Personal name Stephens, James
Dates associated with a name 1882-1950.
9 (RLIN) 55035
245 14 - TITLE STATEMENT
Title The crock of gold /
Statement of responsibility, etc. by James stephens.
260 ## - PUBLICATION, DISTRIBUTION, ETC. (IMPRINT)
Place of publication, distribution, etc. London :
Name of publisher, distributor, etc. macmillan & co.,
Date of publication, distribution, etc. 1912 [reprinted 1965].
300 ## - PHYSICAL DESCRIPTION
Pagination 311 p. ;
Size 20 cm.
650 1# - SUBJECT ADDED ENTRY--TOPICAL TERM
Topical term or geographic name as entry element Electronic books.
9 (RLIN) 322
690 00 - LOCAL SUBJECT ADDED ENTRY--TOPICAL TERM (OCLC, RLIN)
Topical term or geographic name as entry element English literature
752 ## - ADDED ENTRY--HIERARCHICAL PLACE NAME
Country or larger entity England
City London
942 ## - ADDED ENTRY ELEMENTS (KOHA)
Source of classification or shelving scheme Dewey Decimal Classification
Koha item type Books
Holdings
Lost status Source of classification or shelving scheme Damaged status Not for loan Collection code Permanent Location Current Location Shelving location Date acquired Source of acquisition Cost, normal purchase price Total Checkouts Full call number Date last seen Copy number Koha item type
  Dewey Decimal Classification   Added to bundle Fiction Central Library, University of Rajshahi Central Library, University of Rajshahi Reading Room 01/11/1968 Zeitlinger 15.00   823 STC 1965 01/03/2014 C-1 Books